[Event "AUT-ch U16"]
[Site "St Veit"]
[Date "2022.04.14"]
[Round "7"]
[White "Schilcher, Elias"]
[Black "Kuti, Oliver"]
[Result "0-1"]
[WhiteElo "1445"]
[BlackElo "1971"]
[PlyCount "122"]
[EventDate "2022.04.10"]
[EventType "swiss"]
[EventRounds "7"]
[EventCountry "AUT"]
[SourceTitle "EXT 2023"]
[Source "ChessBase"]
[SourceDate "2022.10.05"]
[SourceVersion "1"]
[SourceVersionDate "2022.10.05"]
[SourceQuality "1"]

1. d4 Nf6 2. c4 g6 3. Nc3 Bg7 4. Nf3 0-0 5. Bf4 c5 6. e3 cxd4 7. exd4 d5 8. c5 Nc6 9. h3 Ne4 10. Ne5 Nxe5 11. Bxe5 Nxc3 12. bxc3 Qa5 13. Bxg7 Qxc3+ 14. Ke2 Kxg7 15. Rc1 Qa5 16. Qb3 Rd8 17. a3 Qc7 18. Qe3 Bd7 19. g3 Re8 20. f4 e5 21. dxe5 f6 22. Kf2 fxe5 23. fxe5 Rxe5 24. Qd4 Rf8+ 25. Kg1 Kg8 26. Bg2 Be6 27. Kh2 Qg7 28. Rb1 Bxh3 29. Bxd5+ Kh8 30. Qd2 Rh5 31. Kg1 Rd8 32. Rxh3 Rxh3 33. Qa2 Qe5 34. Bg2 Rxg3 35. Qc2 Qd4+ 36. Kh2 Rd3 37. Qb2 Qxb2 38. Rxb2 Rxa3 39. Rxb7 Rc8 40. c6 Ra2 41. Kg3 a5 42. Bh3 Ra3+ 43. Kg2 Rxh3 44. Kxh3 Rxc6 45. Ra7 Rc5 46. Kg4 h5+ 47. Kh4 Kg8 48. Kg3 g5 49. Kf3 Rf5+ 50. Ke4 Rf4+ 51. Ke3 Rf5 52. Ke4 Rc5 53. Kd4 Rb5 54. Ke4 h4 55. Kf3 h3 56. Kg3 Rb3+ 57. Kh2 Ra3 58. Rb7 g4 59. Rb5 Ra2+ 60. Kg3 Rg2+ 61. Kf4 h2 0-1

[Event "AUT-ch U16"]
[Site "St Veit"]
[Date "2021.10.29"]
[Round "7.10"]
[White "Warzycha, Gerwin"]
[Black "Schilcher, Elias"]
[Result "0-1"]
[WhiteElo "1264"]
[BlackElo "1486"]
[PlyCount "66"]
[EventDate "2021.10.25"]
[EventType "swiss"]
[EventRounds "7"]
[EventCountry "AUT"]
[SourceTitle "EXT 2023"]
[Source "ChessBase"]
[SourceDate "2022.10.05"]
[SourceVersion "1"]
[SourceVersionDate "2022.10.05"]
[SourceQuality "1"]

1. e4 e5 2. Nf3 Nc6 3. Bb5 a6 4. Ba4 d6 5. 0-0 Nf6 6. Re1 Be7 7. c3 0-0 8. d3 Nd7 9. Nbd2 Nc5 10. Bc2 Bg4 11. h3 Bh5 12. g4 Bg6 13. d4 Nd7 14. d5 Ncb8 15. Nf1 c6 16. Ng3 Nf6 17. dxc6 Nxc6 18. Bg5 h6 19. Bxf6 Bxf6 20. Kg2 d5 21. exd5 Bxc2 22. Qxc2 Qxd5 23. Ne4 Be7 24. Rad1 Qe6 25. g5 Qg6 26. Kh2 hxg5 27. Rg1 f6 28. Rg2 Rad8 29. Rdg1 Rf7 30. h4 Qh5 31. Rg3 g4 32. Rxg4 f5 33. Rg5 Qxf3 0-1

[Event "AUT-ch U16"]
[Site "St Veit"]
[Date "2021.10.28"]
[Round "6.10"]
[White "Schilcher, Elias"]
[Black "Marte, Lukas"]
[Result "0-1"]
[WhiteElo "1486"]
[BlackElo "1656"]
[PlyCount "137"]
[EventDate "2021.10.25"]
[EventType "swiss"]
[EventRounds "7"]
[EventCountry "AUT"]
[SourceTitle "EXT 2023"]
[Source "ChessBase"]
[SourceDate "2022.10.05"]
[SourceVersion "1"]
[SourceVersionDate "2022.10.05"]
[SourceQuality "1"]

1. d4 d5 2. c4 e6 3. Nc3 Nf6 4. Nf3 Bb4 5. Bg5 Nbd7 6. Rc1 c5 7. Qa4 Qa5 8. Qxa5 Bxa5 9. Bxf6 Nxf6 10. dxc5 Ne4 11. e3 0-0 12. Nd2 Bxc3 13. bxc3 Nxc5 14. cxd5 exd5 15. Nf3 Be6 16. Nd4 Rac8 17. Be2 Ne4 18. c4 dxc4 19. Nxe6 fxe6 20. Rxc4 Rxc4 21. Bxc4 Kf7 22. f3 Rc8 23. Ke2 Rxc4 24. fxe4 Rxe4 25. Rc1 Ra4 26. Rc7+ Kf6 27. Rxb7 Rxa2+ 28. Kf3 a5 29. h3 h5 30. g3 a4 31. Ra7 a3 32. Ke4 g6 33. h4 Ra1 34. Ra5 a2 35. Ra6 g5 36. Ra5 g4 37. Ra6 Rg1 38. Rxa2 Rxg3 39. Ra5 Kg6 40. Rg5+ Kh6 41. Re5 Rh3 42. Rxe6+ Kg7 43. Kf4 Rxh4 44. Ra6 Rh3 45. Ra5 Kf6 46. Ra6+ Kf7 47. Ra2 g3 48. Kf3 h4 49. Re2 Rh1 50. e4 Ke6 51. e5 Rf1+ 52. Kg2 Rf8 53. Kh3 Rg8 54. Kg2 Rg5 55. Kh3 Rxe5 56. Ra2 Re4 57. Ra5 Kd6 58. Rb5 Kc6 59. Ra5 Kb6 60. Rd5 Kc6 61. Ra5 Kd6 62. Rb5 Ke6 63. Ra5 Kf6 64. Rb5 Kg6 65. Ra5 Rf4 66. Rb5 Rf5 67. Rb4 Rg5 68. Rb2 Kh5 69. Rg2 0-1

[Event "AUT-ch U16"]
[Site "St Veit"]
[Date "2021.10.25"]
[Round "2.8"]
[White "Tumanyan, Gor"]
[Black "Schilcher, Elias"]
[Result "1-0"]
[WhiteElo "1812"]
[BlackElo "1486"]
[PlyCount "139"]
[EventDate "2021.10.25"]
[EventType "swiss"]
[EventRounds "7"]
[EventCountry "AUT"]
[SourceTitle "EXT 2023"]
[Source "ChessBase"]
[SourceDate "2022.10.05"]
[SourceVersion "1"]
[SourceVersionDate "2022.10.05"]
[SourceQuality "1"]

1. e4 e5 2. Nf3 Nc6 3. Bc4 Bc5 4. d3 d6 5. h3 a6 6. c3 Nf6 7. a4 Be6 8. Bxe6 fxe6 9. b4 Ba7 10. 0-0 h6 11. Qe2 Qe7 12. Nbd2 Nh7 13. Nc4 b5 14. axb5 axb5 15. Na5 Qd7 16. Nd2 Bb6 17. Qh5+ Qf7 18. Qxf7+ Kxf7 19. Ndb3 Nxa5 20. bxa5 Ba7 21. Be3 Nf6 22. Rfb1 Nd7 23. Kf1 Bxe3 24. fxe3 Ra6 25. Ke2 Rha8 26. Kd2 Nb8 27. Rb2 Ke7 28. Kc2 Kd7 29. d4 Nc6 30. Rba2 Rf8 31. Kd3 Rf6 32. Rb2 Rg6 33. Rf2 Ke7 34. Raf1 Rf6 35. Rxf6 gxf6 36. g4 Ra7 37. Ra1 Kf7 38. c4 bxc4+ 39. Kxc4 exd4 40. exd4 Nb8 41. d5 e5 42. Nc1 c6 43. dxc6 Nxc6 44. Kb5 Nd8 45. a6 Ke7 46. Kb6 Ra8 47. a7 Kd7 48. Ne2 Nc6 49. Ng3 Nxa7 50. Rxa7+ Rxa7 51. Kxa7 Ke6 52. Nf5 d5 53. exd5+ Kxd5 54. Nxh6 Ke6 55. h4 e4 56. Nf5 Ke5 57. h5 Ke6 58. Kb6 Kf7 59. Kc5 e3 60. Nxe3 Kg7 61. Kd5 Kh6 62. Ke6 Kg5 63. Kf7 Kh6 64. Kxf6 Kh7 65. g5 Kh8 66. g6 Kg8 67. h6 Kh8 68. g7+ Kh7 69. Kf7 Kxh6 70. g8Q 1-0